Loading...
| Science - Physics | 6 | 3 | 2 | 2 | 110 | 9 | 72.22 | 3 | 8 | 34.98 | 61.36 |
| Science - Other | 1 | 6 | 1 | 1 | 70 | 66 | 95.57 | 0 | 4 | 18.26 | 36.36 |
| Science - Chemistry | 0 | 5 | 1 | 2 | 45 | 87 | 108.60 | 0 | 2 | 5.43 | 21.59 |
| Social Science | 0 | 3 | 0 | 0 | 30 | 77 | 98.00 | 0 | 2 | 6.92 | 21.25 |
| Science - Biology | 0 | 2 | 0 | 0 | 20 | 77 | 90.00 | 0 | 1 | 4.75 | 10.23 |
| Religion | 1 | 0 | 0 | 0 | 15 | 57 | 57.00 | 0 | 1 | 5.96 | 7.50 |
| Pop Culture | 1 | 0 | 0 | 0 | 15 | 62 | 62.00 | 0 | 1 | 10.61 | 15.00 |
| History - European | 0 | 1 | 0 | 0 | 10 | 102 | 102.00 | 0 | 1 | 2.47 | 6.82 |
| Philosophy | 0 | 1 | 0 | 0 | 10 | 104 | 104.00 | 1 | 1 | 2.48 | 9.09 |
| Literature - British | 0 | 1 | 0 | 0 | 10 | 99 | 99.00 | 0 | 0 | 2.27 | 4.55 |